Social and Political Aspects of the Periphery. A Case Study of the Central European Region

Každá krajina má špecifické regióny, ktoré sa líšia najmä sociálnymi, demografickými, kultúrnymi a ekonomickými aspektmi. Predmetom nášho záujmu je štúdium periférneho prostredia, ktoré prešlo v 20. storočí niekoľkými migračnými premenami, ktoré ho ovplyvnili až do súčasnosti. Z tohto dôvodu sa Sude...

Full description

Saved in:
Bibliographic Details
Main Author: Šaradín, Pavel
Other Authors: Bieleszová, Štěpánka
Format: Book Chapter
Language:English
Subjects:
Tags: Add Tag
No Tags, Be the first to tag this record!

MARC

LEADER 00000naa a2200000 4500
001 0302852
005 20240627114351.8
041 0 |a eng 
044 |a SK 
245 1 0 |a Social and Political Aspects of the Periphery. A Case Study of the Central European Region  |c Pavel Šaradín, Štěpánka Bieleszová 
520 |a Každá krajina má špecifické regióny, ktoré sa líšia najmä sociálnymi, demografickými, kultúrnymi a ekonomickými aspektmi. Predmetom nášho záujmu je štúdium periférneho prostredia, ktoré prešlo v 20. storočí niekoľkými migračnými premenami, ktoré ho ovplyvnili až do súčasnosti. Z tohto dôvodu sa Sudety stali predmetom nášho výskumného záujmu. 
610 2 0 |a rozdiely regionálne 
610 2 0 |a regióny ekonomické 
610 2 0 |a kvalita života 
610 2 0 |a Európa 
610 2 0 |a transformácia 
100 1 |a Šaradín, Pavel 
700 1 |a Bieleszová, Štěpánka